| 000 | 00396nam a22001577a 4500 | ||
|---|---|---|---|
| 008 | 230929b |||||||| |||| 00| 0 eng d | ||
| 020 | _a0-07-058278-5 | ||
| 082 | _a105.32 | ||
| 100 | _aG.D. Micheli | ||
| 245 |
_aSynthesis and Optimization of Digital Circuits _cG.D. Micheli |
||
| 260 |
_aDelhi _bTMH _c2005 |
||
| 300 | _a567 | ||
| 650 | _aBB CSE | ||
| 796 | _aG.D. Micheli | ||
| 942 |
_2ddc _cBK |
||
| 999 |
_c20286 _d20286 |
||